| 000 | 01244cam a2200361 a 4500 | ||
|---|---|---|---|
| 999 |
_c29166 _d29137 |
||
| 001 | 16491463 | ||
| 003 | EG-ScBUE | ||
| 005 | 20210608110548.0 | ||
| 008 | 101006t2011 maua f b 001 0 eng d | ||
| 020 | _a9780123815491 (alk. paper) | ||
| 020 | _a0123815495 (alk. paper) | ||
| 035 | _a(OCoLC)ocn669161847 | ||
| 040 |
_aDLC _beng _erda _cDLC _dYDX _dYDXCP _dDLC _dEG-ScBUE |
||
| 082 | 0 | 4 |
_a658.47 _bFAY _222 |
| 100 | 1 |
_aFay, John, _d1934- _eauthor. _936549 |
|
| 245 | 1 | 0 |
_aContemporary security management / _cJohn J. Fay. |
| 250 | _aThird edition. | ||
| 264 | 1 |
_aBurlington, MA : _bElsevier, _c[2011] |
|
| 264 | 4 | _cc2011 | |
| 300 |
_axvii, 461 pages : _billustrations ; _c25 cm |
||
| 336 |
_2rdacontent _atext _btxt |
||
| 337 |
_2rdamedia _aunmediated _bn |
||
| 338 |
_2rdacarrier _avolume _bnc |
||
| 504 | _aIncludes bibliographical references and index. | ||
| 650 | 7 |
_aPrivate security services. _2BUEsh |
|
| 650 | 7 |
_aIndustries _xSecurity measures. _2BUEsh |
|
| 650 | 7 |
_aPersonnel management. _2BUEsh |
|
| 653 |
_bBUSADM _cJune2021 |
||
| 655 |
_vReading book _934232 |
||
| 906 |
_a7 _bcbc _corignew _d1 _eecip _f20 _gy-gencatlg |
||
| 942 |
_2ddc _cBB |
||